000 00708nam a2200217 i 4500
001 148460
003 ES-MaACL
005 20230906202640.0
007 t|
008 070214s1965 sp af |||| | spa d
080 _a636.6
100 1 _aSteinbacher, Georg.
_9108041
245 1 0 _aAves de adorno /
_cGeorg Steinbacher ; dibujos de Robert Scholz ; traducción de Emma Gifre ; revisada por Antonio Jonch Cuspinera.
260 _aBarcelona :
_bOmega,
_c1965.
300 _a285 p., 24 lám. :
_bil. ;
_c20 cm.
650 0 4 _aAves.
_9135654
700 1 _aScholz, Robert.
_9104642
700 1 _aGifre de Martinell, Emma.
_956703
700 0 _aJonch i Cuspinera, Antoni.
_966823
852 _aES-MaACL
_jC-28781
999 _c148460
_d148460